Mikrobiálne ovplyvnená korózia povlakov na báze zinku diplomová práca

Guardado en:
Detalles Bibliográficos
Autor principal: Vávrová, Jana
Formato: Libro
Lenguaje:eslovaco
Publicado: Bratislava STU FCHPT 2015
Acceso en línea:Ver en el OPAC
Etiquetas: Agregar Etiqueta
Sin Etiquetas, Sea el primero en etiquetar este registro!

MARC

LEADER 00000nam a2200000 a 4500
005 20260127134233.0
008 160107 2015 000 0 slo d
035 |a vtls011430590 
039 9 |y 201601071225  |z mschk03 
040 |a STUSCHK1  |b slo  |c STUSCHK1  |e AACR2 
100 1 |a Vávrová, Jana 
245 1 |a Mikrobiálne ovplyvnená korózia povlakov na báze zinku  |b diplomová práca  |c Jana Vávrová 
260 |a Bratislava  |b STU FCHPT  |c 2015 
300 |a 63 s.  |b il.  |c 25 cm 
500 |a Študijný program: chemické technológie 
500 |a Študijný odbor: chemické technológie 
500 |a Školiace pracovisko: Odd. anorganickej chémie 
500 |a Evid. číslo: FCHPT-5439-44213 
910 |a SCHK95 
999 |c 7493  |d 7493